000 01006nam a2200241 a 4500
001 77993
003 BD-RjUL
005 20211209083057.0
008 030327s1998 le b 00010 ara d
035 _a(CStRLIN)78219
040 _aUkOxU
_cUkOxU
_beng
041 _aara
066 _c(3
082 _223
_a492.708
_bJUA 1998
100 1 _aجرجاني، عبدالقاهر بن عبدالرحمن ;; Jurjānī, ʿAbd al-Qāhir ibn ʿAbd al-Raḥmān,
_d-1078?
_9245357
245 1 0 _aأسرار البلاغة في علم البيان ;; Asrār al-balāghah fī ʿilm al-bayān /
_c عبد القاهر الجرجاني ؛ ; محمد رشيد رضا Abdul Qaher Al-Jarjani ; Mohammad Rashid Reza
260 _aBayrūt :
_bmaktub al Tawfiqia ,
_c1998.
300 _a360 p. ;
_c25 cm.
504 _aIncludes bibliographical references.
650 0 _aArabic language
_xRhetoric
_vEarly works to 1800.
_9245358
700 _a رضا, محمد رشيد ;; Reza, Mohammad Rashid
_9245364
942 _2ddc
_cBK
999 _c77993
_d77993